Russian panorama (Record no. 373797)

000 -LEADER
fixed length control field 00344cam a22001337a 4500
008 - FIXED-LENGTH DATA ELEMENTS--GENERAL INFORMATION
fixed length control field 180718b1962 xxu||||| |||| 00| 0 eng d
082 ## - DEWEY DECIMAL CLASSIFICATION NUMBER
Classification number A72x47 M527
100 ## - MAIN ENTRY--PERSONAL NAME
Personal name Menon, K.P.S.
245 ## - TITLE STATEMENT
Title Russian panorama
Statement of responsibility, etc. by K.P.S. Menon
260 ## - PUBLICATION, DISTRIBUTION, ETC.
Place of publication, distribution, etc. London
Name of publisher, distributor, etc. OUP
Date of publication, distribution, etc. 1962
300 ## - PHYSICAL DESCRIPTION
Extent 278p.
500 ## - GENERAL NOTE
General note Rs.15.00
650 ## - SUBJECT ADDED ENTRY--TOPICAL TERM
Topical term or geographic name entry element USSR - Description and Travel
Holdings
Withdrawn status Lost status Damaged status Not for loan Permanent Location Current Location Date acquired Full call number Barcode Date last seen Price effective from Koha item type
        Indian Institute of Public Administration Indian Institute of Public Administration 1994-06-23 A72x47 M527 30795 2018-07-21 2018-07-21 Book

Powered by Koha